Možnosti financovania bývania a Slovensku diplomová práca

Enregistré dans:
Détails bibliographiques
Auteur principal: Grolmusová, Patrícia
Collectivité auteur: Národohospodárska fakulta EU. Katedra bankovníctva a medzinárodných financií
Autres auteurs: Tkáčová, Daniela, 1954-
Format: Livre
Langue:slovaque
Publié: Bratislava 2013
Tags: Ajouter un tag
Pas de tags, Soyez le premier à ajouter un tag!

MARC

LEADER 00000nbm a2200000 4500
001 0169184
005 20161109102245.6
041 0 |a slo 
044 |a SK 
245 1 0 |a Možnosti financovania bývania a Slovensku  |b diplomová práca  |c Patrícia Grolmusová ; školiteľ: Daniela Tkáčová 
264 1 |a Bratislava  |c 2013 
300 |a 76 s. 
100 1 |a Grolmusová, Patrícia 
700 1 |a Tkáčová, Daniela, 1954- 
710 2 |a Národohospodárska fakulta EU. Katedra bankovníctva a medzinárodných financií